Second OECD Conference on women entrepreneurs in SMEs realising the benefits of globalisation and the konwledge-based economy
Guardado en:
| Formato: | Libro |
|---|---|
| Lenguaje: | inglés francés |
| Publicado: |
Paris
OECD
2001
|
| Colección: | Enterprise, industry and services
OECD Proceedings |
| Materias: | |
| Etiquetas: |
Sin Etiquetas, Sea el primero en etiquetar este registro!
|
MARC
| LEADER | 00000nam a2200000 4500 | ||
|---|---|---|---|
| 001 | c127703 | ||
| 005 | 20221124104812.6 | ||
| 020 | |a 92-64-18700-0 | ||
| 041 | 0 | |a eng | |
| 041 | 0 | |a fre | |
| 044 | |a FR | ||
| 245 | 1 | 0 | |a Second OECD Conference on women entrepreneurs in SMEs |b realising the benefits of globalisation and the konwledge-based economy |
| 264 | 1 | |a Paris |b OECD |c 2001 | |
| 300 | |a 271 s. | ||
| 490 | 1 | |a Enterprise, industry and services | |
| 830 | 0 | |a Enterprise, industry and services | |
| 490 | 1 | |a OECD Proceedings | |
| 830 | 0 | |a OECD Proceedings | |
| 610 | 2 | 0 | |a podnikanie stredné |
| 610 | 2 | 0 | |a podnikanie malé |
| 610 | 2 | 0 | |a podnikatelia |
| 610 | 2 | 0 | |a ženy |
| 610 | 2 | 0 | |a trh medzinárodný |
| 610 | 2 | 0 | |a trh vnútorný |
| 610 | 2 | 0 | |a podnik malý |
| 610 | 2 | 0 | |a podnik stredný |
| 610 | 2 | 0 | |a priemysel |
| 610 | 2 | 0 | |a služby |
| 610 | 2 | 0 | |a svet |
| 610 | 2 | 0 | |a OECD |